000 00616nam a2200181Ia 4500
001 10048
003 GE_BSU
008 181216s||||||||xx |||||||||||||| ||und||
040 _cGE_BSU
245 _aსაპატრიარქოს უწყებანი.№21(721)2014.21-26 მაისი
245 _cრედ:დეკანოზი დავით შარაშენიძე
260 _aთბილისი
260 _c2014
300 _a20გვ.30სმ.
653 _aპერიოდიკა
653 _aსაპატრიარქოს უწყებანი
942 _cCR
999 _c43321
_d43321